| 000 | 01041cam a2200301 i 4500 | ||
|---|---|---|---|
| 005 | 20260316141653.0 | ||
| 008 | 240522s2024 moua b 001 0 eng | ||
| 020 | _a978-0-32373-414-1 | ||
| 040 |
_bEnglish _erda _cURS |
||
| 050 | 0 | 0 |
_aQP34.5 _b.H8801 2024 |
| 245 | 1 | 4 |
_aThe Human body in health & disease / _cKevin T. Patton... [and three others]. |
| 246 | 1 | _aHuman body in health and disease | |
| 250 | _a8th edition. | ||
| 264 | 1 |
_aSt. Louis, MO : _bElsevier, _c2024. |
|
| 300 |
_a824 pages : _billustrations ; _c28 cm. |
||
| 336 |
_atext _btxt _2rdacontent |
||
| 337 |
_aunmediated _bn _2rdamedia |
||
| 338 |
_avolume _bnc _2rdacarrier |
||
| 504 | _aIncludes bibliographical references and index. | ||
| 650 | 0 |
_aHuman physiology. _91281 |
|
| 650 | 0 |
_aHuman anatomy. _91280 |
|
| 650 | 0 |
_aPhysiology, Pathological. _95523 |
|
| 700 |
_aPatton, Kevin T., _eauthor. _96735 |
||
| 700 |
_aBell, Frank B., _eauthor. _96732 |
||
| 700 |
_aThompson, Terry, _eauthor. _96733 |
||
| 700 |
_aWilliamson, Peggie L., _eauthor. _96734 |
||
| 942 |
_2lcc _cR |
||
| 999 |
_c99076 _d99073 |
||